|
|
|
|
| LEADER |
01083nam a22003132a 4500 |
| 001 |
001232803 |
| 003 |
CZ BrMZK |
| 005 |
20130304150200.0 |
| 007 |
ta |
| 008 |
120720s1976 xr er|||||||||||cze d |
| 015 |
|
|
|a cnb000157443
|
| 035 |
|
|
|a (OCoLC)42095310
|
| 040 |
|
|
|a ABA001
|b cze
|c KLG001
|d ABA001
|d BOA001
|
| 080 |
9 |
|
|a 65.012.122
|
| 100 |
1 |
|
|a Kohout, Jaroslav,
|d 1927-
|7 jk01061128
|4 aut
|
| 245 |
1 |
0 |
|a Sociální analýza a řízení socialistického podniku :
|b vznik - pojetí - aplikace /
|c Jaroslav Kohout
|
| 250 |
|
|
|a 1. vyd.
|
| 260 |
|
|
|a Praha :
|b Práce,
|c 1976
|
| 300 |
|
|
|a 286 s.
|
| 490 |
1 |
|
|a Příruční knihovna ROH
|
| 490 |
1 |
|
|a Člověk a práce
|
| 504 |
|
|
|a Obsahuje bibliografie
|
| 830 |
|
0 |
|a Příruční knihovna ROH
|0 s
|
| 830 |
|
0 |
|a Člověk a práce
|0 s
|
| 856 |
4 |
1 |
|u http://www.digitalniknihovna.cz/mzk/uuid/uuid:21540480-b340-11e3-9d7d-005056827e51
|y Digitalizovaný dokument
|x NDK
|
| 910 |
|
|
|a BOA001
|b 2-0763.125
|
| 990 |
|
|
|a BK
|
| 991 |
|
|
|b 201207
|
| 996 |
7 |
|
|b 2619520939
|c 2-0763.125
|l MZK
|r Sklad / do 1 hodiny
|n 0
|w 001266598
|u 000010
|a 1
|e BOA001
|j MZK50
|s A
|